[Event "Pasto Narino Cup"]
[Site "Pasto"]
[Date "2022.07.23"]
[Round "3"]
[White "Guayara Diaz, William Alonso"]
[Black "Ortega Moran, Helmer Andres"]
[Result "1-0"]
[WhiteElo "1910"]
[BlackElo "1752"]
[PlyCount "109"]
[EventDate "2022.07.23"]
[EventType "swiss"]
[EventRounds "6"]
[EventCountry "COL"]
[SourceTitle "CBM 209 Extra"]
[Source "ChessBase"]
[SourceDate "2022.09.30"]
[SourceVersion "1"]
[SourceVersionDate "2022.09.30"]
[SourceQuality "1"]

1. d4 Nf6 2. Bf4 e6 3. e3 c5 4. c3 cxd4 5. exd4 Be7 6. Bd3 0-0 7. Nd2 Nc6 8. h3 d6 9. Qe2 e5 10. dxe5 dxe5 11. Bh2 Qd5 12. Ngf3 Bd6 13. 0-0 Re8 14. Ne4 Nxe4 15. Bxe4 Qc5 16. Rfd1 Bd7 17. Rd5 Qb6 18. Rxd6 Nd4 19. Rxb6 Nxe2+ 20. Kf1 axb6 21. Kxe2 Bc6 22. Bxc6 bxc6 23. a3 Rad8 24. Rd1 f6 25. Bg3 Kf7 26. Nd2 b5 27. Ne4 Rxd1 28. Kxd1 Ke6 29. f3 Kd5 30. Ke2 f5 31. Nd2 g5 32. Bf2 c5 33. g4 fxg4 34. hxg4 Rg8 35. Ne4 Kc4 36. Nxc5 Rc8 37. Be3 h6 38. Bf2 h5 39. gxh5 Rh8 40. Ne4 Kb3 41. Ng3 Kxb2 42. Bc5 Kxc3 43. Ke3 Kc4 44. Be7 Rg8 45. h6 g4 46. Bf6 gxf3 47. h7 Rf8 48. Nh5 e4 49. Bg7 f2 50. Ng3 Re8 51. Kxf2 Kb3 52. Nxe4 Kxa3 53. Nf6 Rd8 54. Ng8 Rd2+ 55. Kg3 1-0

[Event "Narino Department-ch"]
[Site "Pasto"]
[Date "2019.12.22"]
[Round "4"]
[White "Guayara Diaz, William Alonso"]
[Black "Barreiro Acosta, Frank"]
[Result "1-0"]
[WhiteElo "1916"]
[BlackElo "1692"]
[PlyCount "131"]
[EventDate "2019.12.21"]
[EventType "swiss"]
[EventRounds "5"]
[EventCountry "COL"]
[SourceTitle "EXT 2021"]
[Source "ChessBase"]
[SourceDate "2020.10.23"]
[SourceVersion "1"]
[SourceVersionDate "2020.10.23"]
[SourceQuality "1"]

1. d4 Nf6 2. Nf3 g6 3. Bf4 Bg7 4. h3 d6 5. e3 0-0 6. Be2 Nfd7 7. 0-0 e5 8. Bh2 f5 9. c4 Nc6 10. Nc3 Kh8 11. Rc1 g5 12. dxe5 Ndxe5 13. Nd4 Nxd4 14. exd4 Nc6 15. d5 Nd4 16. Bh5 g4 17. hxg4 fxg4 18. Bxg4 Qg5 19. Be2 Bh6 20. Qxd4+ Bg7 21. Qd3 Rg8 22. Qe3 Qg6 23. Bd3 Qh5 24. Be2 Qg6 25. Qg3 Qh6 26. Qf4 Qg6 27. Bg3 Bf5 28. Rfe1 Raf8 29. Qh4 Bh6 30. Qd4+ Rg7 31. Ra1 Bd7 32. Bf3 Bg5 33. Rad1 h5 34. Qd3 Qh6 35. Re6 Bxe6 36. dxe6 h4 37. Bh2 Qxe6 38. Bxb7 Re8 39. Bc6 Ree7 40. Nd5 Qe1+ 41. Rxe1 Rxe1+ 42. Qf1 Rxf1+ 43. Kxf1 Bc1 44. b4 Rg4 45. Bb5 Ba3 46. Nxc7 Bxb4 47. Nd5 Bc5 48. Bf4 Rg7 49. Be3 a6 50. Bxc5 dxc5 51. Bxa6 Ra7 52. Bb5 Rxa2 53. Ne3 Ra3 54. Bd7 Rd3 55. Be6 Rd6 56. Bd5 Rf6 57. f3 Kg7 58. Kf2 Kg6 59. g3 hxg3+ 60. Kxg3 Ra6 61. Kf4 Kf6 62. Ng4+ Ke7 63. Ke5 Ra1 64. Be4 Rd1 65. Nf2 Rd4 66. Bd5 1-0

[Event "Narino Department-ch"]
[Site "Pasto"]
[Date "2019.12.22"]
[Round "5"]
[White "Huertas Riascos, Edwin Mauricio"]
[Black "Guayara Diaz, William Alonso"]
[Result "0-1"]
[WhiteElo "1825"]
[BlackElo "1916"]
[PlyCount "78"]
[EventDate "2019.12.21"]
[EventType "swiss"]
[EventRounds "5"]
[EventCountry "COL"]
[SourceTitle "EXT 2021"]
[Source "ChessBase"]
[SourceDate "2020.10.23"]
[SourceVersion "1"]
[SourceVersionDate "2020.10.23"]
[SourceQuality "1"]

1. e4 c5 2. Nf3 g6 3. c3 Nf6 4. d3 Bg7 5. Be3 d6 6. Be2 0-0 7. Nbd2 Nc6 8. Qb3 Qc7 9. Qc2 b6 10. Nf1 d5 11. Ng3 dxe4 12. dxe4 Rd8 13. 0-0 Bb7 14. Bc4 Ng4 15. Qb3 Nge5 16. Bf4 Nxf3+ 17. gxf3 Qxf4 18. Kg2 Na5 19. Qa4 Nxc4 20. Qxc4 e6 21. Rg1 Be5 22. Qe2 Rd2 23. Qe1 Ba6 24. Rd1 Rad8 25. Rxd2 Rxd2 26. Qc1 Rd8 27. Qxf4 Bxf4 28. Kh3 Bxg3 29. fxg3 Rd2 30. b4 Rxa2 31. bxc5 bxc5 32. Rd1 Bb5 33. Rd8+ Kg7 34. Rb8 a6 35. Rd8 h5 36. Rc8 g5 37. g4 h4 38. c4 Bxc4 39. Rxc5 Bf1# 0-1

[Event "COL-chT rapid"]
[Site "Cartagena"]
[Date "2019.11.29"]
[Round "6.2"]
[White "Navia Alvarez, Edwin Adrian"]
[Black "Guayara Diaz, William Alonso"]
[Result "1-0"]
[WhiteElo "1990"]
[BlackElo "1957"]
[PlyCount "65"]
[EventDate "2019.11.29"]
[EventType "team-swiss"]
[EventRounds "7"]
[EventCountry "COL"]
[SourceTitle "CBM 193 Extra"]
[Source "ChessBase"]
[SourceDate "2020.01.31"]
[SourceVersion "1"]
[SourceVersionDate "2020.01.31"]
[SourceQuality "1"]
[WhiteTeam "Cauca"]
[BlackTeam "Narino"]
[WhiteTeamCountry "COL"]
[BlackTeamCountry "COL"]

1. e4 c5 2. Nf3 g6 3. d4 cxd4 4. Nxd4 Bg7 5. c4 Nc6 6. Be3 d6 7. Nc3 Nf6 8. Be2 0-0 9. 0-0 a6 10. h3 Qa5 11. Qd2 Re8 12. Rad1 Bd7 13. f4 Rac8 14. a3 Nxd4 15. Bxd4 Bc6 16. b4 Qc7 17. Bf3 e5 18. fxe5 dxe5 19. Be3 Rcd8 20. Qf2 Rxd1 21. Rxd1 Bd7 22. c5 Bc6 23. Nd5 Qb8 24. Nc3 Nd7 25. a4 f5 26. exf5 Bxf3 27. Qxf3 Nf6 28. Ne4 Nxe4 29. Qxe4 gxf5 30. Qxf5 Re7 31. Bg5 Re8 32. Rd7 e4 33. Qf7+ 1-0

[Event "COL pre olympic sf2"]
[Site "Palmira"]
[Date "2019.06.01"]
[Round "6"]
[White "Rengifo Astudillo, Carlos Alberto"]
[Black "Guayara Diaz, William Alonso"]
[Result "1/2-1/2"]
[WhiteElo "1596"]
[BlackElo "1934"]
[PlyCount "46"]
[EventDate "2019.05.29"]
[EventType "swiss"]
[EventRounds "10"]
[EventCountry "COL"]
[SourceTitle "CBM 190 Extra"]
[Source "ChessBase"]
[SourceDate "2019.07.15"]
[SourceVersion "1"]
[SourceVersionDate "2019.07.15"]
[SourceQuality "1"]

1. e4 c5 2. Nf3 g6 3. d4 cxd4 4. Nxd4 Bg7 5. c4 Nc6 6. Be3 d6 7. Nc3 Nf6 8. f3 0-0 9. Be2 Bd7 10. 0-0 a6 11. Qd2 Nxd4 12. Bxd4 Bc6 13. Nd5 Bxd5 14. exd5 Nd7 15. Rac1 Bxd4+ 16. Qxd4 Qb6 17. Qxb6 Nxb6 18. b3 Rac8 19. Rfe1 Rfe8 20. Bd3 Kg7 21. Rc2 Nd7 22. f4 a5 23. Rce2 Kf8 1/2-1/2

[Event "Pasto Preseleccion Narino"]
[Site "Pasto"]
[Date "2017.11.12"]
[Round "1.3"]
[White "Guayara Diaz, William Alonso"]
[Black "Moreno Gomez, Manuel"]
[Result "1-0"]
[WhiteElo "1926"]
[BlackElo "1577"]
[PlyCount "49"]
[EventDate "2017.11.12"]
[EventType "swiss"]
[EventRounds "5"]
[EventCountry "COL"]
[SourceTitle "EXT 2024"]
[Source "ChessBase"]
[SourceDate "2023.10.10"]
[SourceVersion "1"]
[SourceVersionDate "2023.10.10"]
[SourceQuality "1"]

1. d4 d5 2. Bf4 c6 3. c4 e6 4. e3 Bd6 5. Bxd6 Qxd6 6. f4 Nf6 7. a3 a5 8. Nf3 Qd8 9. Nc3 Nbd7 10. Bd3 Nb6 11. b3 a4 12. c5 axb3 13. cxb6 Qxb6 14. 0-0 0-0 15. Qd2 Re8 16. Rfb1 Qc7 17. Rxb3 b5 18. Ne5 Nd7 19. Rc1 Nxe5 20. fxe5 Bd7 21. Qc2 Rec8 22. Nxb5 Qd8 23. Nd6 Rc7 24. Bxh7+ Kh8 25. Nxf7# 1-0

[Event "Pasto Region Interclubes Narino"]
[Site "Pasto"]
[Date "2017.08.21"]
[Round "5.1"]
[White "Ortega Moran, Helmer Andres"]
[Black "Guayara Diaz, William Alonso"]
[Result "1-0"]
[WhiteElo "1827"]
[BlackElo "1925"]
[PlyCount "115"]
[EventDate "2017.08.20"]
[EventType "swiss"]
[EventRounds "5"]
[EventCountry "COL"]
[SourceTitle "EXT 2024"]
[Source "ChessBase"]
[SourceDate "2023.10.10"]
[SourceVersion "1"]
[SourceVersionDate "2023.10.10"]
[SourceQuality "1"]

1. e4 e5 2. Nf3 Nc6 3. Bb5 a6 4. Ba4 Nf6 5. 0-0 Be7 6. Re1 b5 7. Bb3 d6 8. c3 Na5 9. Bc2 c5 10. d4 Qc7 11. Nbd2 0-0 12. h3 Re8 13. Nf1 Bd7 14. Ng3 g6 15. Qe2 Bf8 16. d5 Bg7 17. Nh2 c4 18. Bd2 Nb7 19. Ng4 Nxg4 20. hxg4 Nc5 21. f3 f6 22. Kf2 Kf7 23. Rh1 Rh8 24. Rh2 h6 25. Rah1 g5 26. Nf5 Bxf5 27. gxf5 Rh7 28. g3 Nd7 29. f4 gxf4 30. Qh5+ Ke7 31. gxf4 Rah8 32. Rg1 Qd8 33. Rhg2 Bf8 34. Rg8 Qe8 35. R8g6 Qf7 36. b4 exf4 37. Bxf4 Ne5 38. Bxe5 dxe5 39. Ke2 Qe8 40. Kd2 Qb8 41. a4 Qb6 42. R1g2 Rf7 43. a5 Qd6 44. Bd1 Rfh7 45. Rh2 Qd8 46. Qh4 Qd6 47. Bh5 Rg7 48. Rhg2 Rhg8 49. Qf2 Rxg6 50. Rxg6 Rxg6 51. Qa7+ Kd8 52. Bxg6 Be7 53. Qa8+ Kc7 54. Bf7 h5 55. Be6 Qd8 56. Qa7+ Kd6 57. Qxa6+ Kc7 58. Qb6# 1-0

[Event "Medellin Flores op 24th"]
[Site "Medellin"]
[Date "2017.08.03"]
[Round "1"]
[White "Castrillon Gomez, Melissa"]
[Black "Guayara Diaz, William Alonso"]
[Result "1-0"]
[WhiteElo "2196"]
[BlackElo "1925"]
[PlyCount "32"]
[EventDate "2017.08.03"]
[EventType "swiss"]
[EventRounds "9"]
[EventCountry "COL"]
[SourceTitle "CBM 179 Extra"]
[Source "ChessBase"]
[SourceDate "2017.08.23"]
[SourceVersion "1"]
[SourceVersionDate "2017.08.23"]
[SourceQuality "1"]

1. e4 e5 2. Nf3 Nc6 3. Bb5 a6 4. Ba4 Nf6 5. 0-0 Be7 6. Bxc6 dxc6 7. d3 Nd7 8. Nbd2 0-0 9. Nc4 Bd6 10. b3 Qe7 11. Bb2 Rd8 12. d4 f6 13. Qe2 exd4 14. Nxd4 Ne5 15. Ne3 Bc5 16. Ndf5 Qf7 1-0